| 000 | 00000nam##2200000za#4500 |
| 001 | 9.668544 |
| 003 | CaOODSP |
| 005 | 20210615124231 |
| 007 | ta |
| 008 | 150407|2007||||xxc||||| f|0| 0 fre|d |
| 020 | |a978-0-662-49953-4 |
| 040 | |aCaOODSP|bfre |
| 041 | |aeng |
| 041 | |afre |
| 043 | |an-cn--- |
| 086 | 1 |aH128-1/07-501 |
| 110 | 1 |aCanada. |bSanté Canada.|bDirection générale de la santé environnementale et de la sécurité des consommateurs. |
| 245 | 10|aRenseignements au sujet des anneaux et sièges de bain pour bébé |
| 260 | |aOttawa - Ontario : |bSanté Canada. |c2007. |
| 300 | |aTexte français, [2]p. : |bill. ; |c28 cm. |
| 520 | 3 |aSanté Canada s’applique à garder les Canadiens en sécurité en diffusant une information qui favorise l’accroissement de la sécurité et un meilleur usage des produits de consommation. |
| 563 | |aCouverture souple |
| 590 | |a07-15|b2007-04-13 |
| 691 | 07|aEnseignement de la sécurité|2gcpds |
| 691 | 07|aSoin du nouveau-né|2gcpds |
| 776 | 0#|tRenseignements au sujet des anneaux et sièges de bain pour bébé |w(CaOODSP)9.643603 |
| 776 | 0#|tFacts for infant bath seats and bath rings |w(CaOODSP)9.699626 |
| 791 | |tFacts for infant bath seats and bath rings |eeng|w(CaOODSP)9.668543 |
| 986 | |aPub. 4760 |